Σχιζοφρένια και φόνος : μια ψυχολογική, εγκληματολογική έρευνα
Αποθηκεύτηκε σε:
| Κύριος συγγραφέας: | |
|---|---|
| Μορφή: | Βιβλίο |
| Γλώσσα: | Greek |
| Δημοσίευση: |
Αθήνα :
Παπαζήσης,
1984
|
| Θέματα: | |
| Ετικέτες: |
Προσθήκη ετικέτας
Δεν υπάρχουν, Καταχωρήστε ετικέτα πρώτοι!
|
MARC
| LEADER | 00000nam a2200000 i 4500 | ||
|---|---|---|---|
| 001 | 1/38226 | ||
| 008 | 980713s1984 gre d | ||
| 035 | |l 10024822 | ||
| 040 | |a GR-MY-UA |b gre |e aacr | ||
| 041 | 0 | |a gre | |
| 082 | 0 | |a 364.38 | |
| 100 | 1 | |a Τσαλίκογλου, Φωτεινή. | |
| 245 | 1 | 0 | |a Σχιζοφρένια και φόνος : |b μια ψυχολογική, εγκληματολογική έρευνα / |c Φωτεινή Τσαλίκογλου - Κωστοπούλου |
| 260 | |a Αθήνα : |b Παπαζήσης, |c 1984 | ||
| 300 | |a 267 σ. | ||
| 650 | 0 | 0 | |a Schizophrenia. |
| 650 | 0 | 0 | |a Murder. |
| 852 | |a INST |b CHIOS |e 19980713 |h 364.38 ΤΣΑ |p 005200020047 |q 005200020047 |t BK |y 4 |x 20200214 | ||
| 909 | |a Χ |b 099720 | ||